|
|
|
|
| LEADER |
01216nam a2200289 a 4500 |
| 001 |
GR-Patra37077 |
| 008 |
130204s2011 gr d 000 0 gre d |
| 020 |
|
|
|a 9789604885336
|
| 041 |
1 |
|
|a gre
|h fre
|
| 084 |
|
|
|a Μ
|
| 100 |
1 |
|
|a Verne, Jules,
|d 1828-1905
|
| 245 |
1 |
3 |
|a Οι ναυαγοί του Ιωνάθαν /
|c Ιούλιος Βερν ; εικονογράφηση George Roux ; [μετάφραση Τζένη Βαριάμη].
|
| 246 |
1 |
1 |
|a Νaufragés du "Jonathan"
|
| 260 |
|
|
|a Αθήνα :
|b Τέσσερα Πι,
|c 2011
|
| 300 |
|
|
|a 253 σ. :
|b εικ. ;
|c 23 εκ.
|
| 490 |
0 |
|
|a Βιβλιοθήκη Ιουλίου Βερν
|
| 650 |
|
4 |
|a Βιβλία για παιδιά
|
| 650 |
|
4 |
|a Ξένη λογοτεχνία
|x Μυθιστόρημα
|
| 650 |
|
4 |
|a Παιδική λογοτεχνία, Γαλλική
|
| 700 |
1 |
|
|a Roux, George
|
| 700 |
1 |
|
|a Verne, Jules,
|d 1828-1905
|
| 700 |
1 |
|
|a Βαριάμη, Τζένη
|
| 710 |
0 |
|
|a Τέσσερα Πι
|
| 942 |
|
|
|2 ddc
|
| 952 |
|
|
|0 0
|1 0
|2 ddc
|4 0
|6 Μ_VER
|7 0
|9 317288
|a LISK
|b LISK
|c BSC
|d 2021-01-17
|e 24
|f 0
|g 0.00
|l 0
|o Μ VER
|p 92410059927
|r 2021-01-17 00:00:00
|t 1
|w 2021-01-17
|y BK15
|x 20140912 0 1
|x GrPaTEI
|
| 971 |
|
|
|a .b26846482
|b 16-04-20
|c 27-09-16
|
| 999 |
|
|
|c 180581
|d 180581
|